[Event "KUP CENTRALNE SRBIJE"]
[Site "Kragujevac"]
[Date "2016.04.23"]
[Round "6.7"]
[White "Simic, Sasa"]
[Black "Brajovic, Miroljub"]
[Result "0-1"]
[WhiteElo "1700"]
[BlackElo "2087"]
[PlyCount "68"]
[EventDate "2016.04.20"]

1. d4 Nf6 2. c4 d5 3. Nc3 c5 4. e3 Nc6 5. Nf3 Bg4 6. cxd5 Nxd5 7. Be2 e6 8. a3
cxd4 9. exd4 Be7 10. O-O O-O 11. Be3 Rc8 12. Rc1 Bf6 13. Ne4 Be7 14. Qb3 f5 15.
Nc5 Bxc5 16. dxc5 Qe7 17. Bg5 Qf7 18. Bc4 Bxf3 19. Qxf3 Ne5 20. Qe2 Nxc4 21.
Rxc4 f4 22. g3 Qg6 23. Bh4 h6 24. Kh1 f3 25. Qd2 b5 26. Rcc1 Qg4 27. b4 Nf4 28.
Be7 Rf7 29. Qd7 Ra8 30. Qb7 Re8 31. c6 Ne2 32. Rcd1 Qh3 33. Rg1 Nxg1 34. Rxg1
Rexe7 0-1